000 00380nam a22001697a 4500
005 20160628142423.0
008 160628b xxu||||| |||| 00| 0 eng d
020 _a978-0-07-008071-3
041 _aeng
082 _b10924
100 _aHughes, Richard L and others
_93063
245 _aLeadership
260 _bTMH
300 _a583
650 _aManagement
_9241
942 _cBK
999 _c4444
_d4443